| 000 | 01022cam a2200277 a 4500 | ||
|---|---|---|---|
| 001 | 000011801 | ||
| 005 | 20200929162554.0 | ||
| 008 | 940502s1991 cu bd 000 0 spa | ||
| 020 | _a9590200044 (obra completa) | ||
| 020 | _a9590200028 (t. 1) | ||
| 020 | _a9590200036 (t. 2) | ||
| 035 | _a(DLC) 94152875 | ||
| 040 |
_aDO-SdBNP _cDLC _dDLC _dBNPHU |
||
| 050 | 0 | 0 |
_aPC4854.C8 _bV365 1991 |
| 082 |
_a467/.97291 _b20 _bV145l |
||
| 100 | 1 |
_aValdés Bernal, Sergio, _d1943- _927938 |
|
| 245 | 1 | 4 |
_aLas lenguas indígenas de América y el español de Cuba / _cSergio Valdés Bernal ; edición, María A. Rodríguez. |
| 260 |
_aLa Habana : _bLa Academia, _cc1991. |
||
| 300 |
_a2 v. ; _c23 cm. |
||
| 504 | _aIncluye referencias bibliográficas. | ||
| 650 | 0 |
_aSpanish language _xProvincialisms _zCuba _xDictionaries. _927939 |
|
| 650 | 0 |
_aSpanish language _xForeign words and phrases _xIndian _xDictionaries. _927940 |
|
| 700 | 1 |
_aRodríguez, María A., _eed. _927941 |
|
| 910 | _aCatalogación por copia / LC | ||
| 049 | _aBNGR | ||
| 999 |
_c11475 _d11475 |
||